LDR 02365naa#a2200409#i#450# 001 EN\\bibl\96641 005 20260703005401.5 011 ## _a1681-1208 100 ## _a20260428b2026####ek#y0engy0150####ca 102 ## _aRU 200 1# _aPetrography and Petrochemistry of Metamorphic and Igneous Rocks of the “Yeniseyskiy” Site _eJournal article 210 1# _aMoscow _cGeophysical Center of the Russian Academy of Sciences _d2026 215 ## _a0 с. 606 ## _aГеология. 05.03.01 _aНауки о Земле. 05.00.00 _2local 608 ## _aJournal article _2local 675 ## _aПетрография. 552 _aГнейсы. 552.42 _aКристаллические сланцы. 552.43 _aМетаморфические породы. 552.4 _aМагматические породы. 552.3 _aМикроскопические исследования и определения. 552.086 _aГеохимия. 550.4 _aОтвод и захоронение особо вредных веществ, например радиоактивных. 628.398 _aГеология. Геологические и геофизические науки. 55 _aСейсмология. 550.34 _aГлавное магнитное поле Земли. 550.383 _z 686 ## _aГеологические науки. 263 _2bbk 686 ## _aНауки о Земле. 26 _2bbk 686 ## _aНауки о Земле. Экология. 63 _2tbk 686 ## _aГеохимия. 38.33 _2grnti 686 ## _aПетрография. 38.37 _2grnti 686 ## _aОбщие вопросы геофизики. 37.01 _2grnti 686 ## _aГеомагнетизм и высокие слои атмосферы. 37.15 _2grnti 686 ## _aОкеанология. 37.25 _2grnti 686 ## _aФизика Земли. 37.31 _2grnti 686 ## _aОбщие вопросы геологии. 38.01 _2grnti 686 ## _aГЕОДЕЗИЯ. КАРТОГРАФИЯ. 36.00 _2grnti 686 ## _aГЕОФИЗИКА. 37.00 _2grnti 686 ## _aГЕОЛОГИЯ. 38.00 _2grnti 686 ## _aГЕОГРАФИЯ. 39.00 _2grnti 686 ## _aГОРНОЕ ДЕЛО. 52.00 _2grnti 700 #1 _aMinaev _gVasilii Aleksandrovich 700 #1 _aOzerskiy _gAndrey Yuryevich 700 #1 _aPoluektov _gValery Viktorovich 700 #1 _aPetrov _gVladislav Alexandrovich 700 #1 _aMurashov _gKonstantin Yurievich 856 4# _aras.editorum.ru _u